Normal view
MARC view
- Piña, Gerardo,
Entry Nombre Personal
001 - NUMERO DE CONTROL
- campo de control: 34434
003 - IDENTIFICADOR DE NUMERO DE CONTROL
- campo de control: UPN
005 - FECHA Y HORA DE LA ÜLTIMA TRANSACCIÓN
- campo de control: 20210219194453.0
008 - DATOS DE LONGITUD FIJA
- campo de control de longitud fija: nabaccnnaabn|||||||||| b |nc|||||d
035 ## - NUMERO DE CONTROL
- Número de control: UPN11000006541
040 ## - FUENTE DE CATALOGACIÓN
- Lenguaje de catalogación: SPA
- Agencia de transcripción: UPN
053 #4 - NÚMERO DE CLASIFICACIÓN LC
- Número de clasificación elemento-número único o número inicial de tramo: PQ7298.426 I5.2
100 1# - ENCABEZAMIENTO - NOMBRE PERSONAL
- Nombre personal: Piña, Gerardo,
- Fechas asociadas con el nombre: 1975-
670 ## - FUENTE EN LA QUE SE LOCALIZARON DATOS
- Cita de la fuente: LC
680 ## - NOTA PUBLICA DE ACCESO PÚBLICO
- Frase explicativa de la referencia: Nació en la ciudad de México en 1975. Ha sido profesor de literatura y creación literaria en la Fundación para las Letras Mexicanas, la University of East Anglia en el Reino Unido (de donde obtuvo un doctorado en literatura inglesa) y, actualmente, en la Facultad de Filosofía y Letras de la UNAM.
902 ## - CATALOGADOR
- Catalogador: MITM/231113
